化学元素(简单模式)Chemical Elements (Easy Mode) - Statistics

General Stats
  • This quiz has been taken 71 times
    38 since last reset
  • The average score is 65 of 118
Answer Stats
原子序数 元素 % Correct
1 氢/H
100%
6 碳/C
97%
9 氟/F
97%
2 氦/He
97%
8 氧/O
97%
5 硼/B
93%
19 钾/K
93%
3 锂/Li
93%
12 镁/Mg
93%
7 氮/N
93%
11 钠/Na
93%
15 磷/P
93%
16 硫/S
93%
14 硅/Si
93%
13 铝/Al
90%
18 氩/Ar
90%
4 铍/Be
90%
20 钙/Ca
90%
17 氯/Cl
90%
29 铜/Cu
90%
26 铁/Fe
90%
10 氖/Ne
86%
47 银/Ag
83%
22 钛/Ti
83%
79 金/Au
79%
28 镍/Ni
79%
92 铀/U
79%
23 钒/V
79%
53 碘/I
76%
30 锌/Zn
76%
27 钴/Co
72%
24 铬/Cr
72%
25 锰/Mn
72%
50 锡/Sn
72%
36 氪/Kr
69%
74 钨/W
69%
39 钇/Y
69%
56 钡/Ba
66%
35 溴/Br
66%
82 铅/Pb
66%
21 钪/Sc
66%
33 砷/As
62%
55 铯/Cs
62%
87 钫/Fr
62%
31 镓/Ga
62%
32 锗/Ge
62%
80 汞/Hg
62%
78 铂/Pt
59%
37 铷/Rb
59%
86 氡/Rn
59%
54 氙/Xe
59%
89 锕/Ac
55%
58 铈/Ce
55%
49 铟/In
55%
88 镭/Ra
55%
34 硒/Se
55%
38 锶/Sr
55%
52 碲/Te
55%
83 铋/Bi
52%
57 镧/La
52%
85 砹/At
48%
118 鿫/Og
48%
84 钋/Po
48%
44 钌/Ru
48%
51 锑/Sb
48%
81 铊/Tl
48%
46 钯/Pd
45%
45 铑/Rh
45%
73 钽/Ta
45%
48 镉/Cd
41%
98 锎/Cf
41%
71 镥/Lu
41%
41 铌/Nb
41%
96 锔/Cm
38%
42 钼/Mo
38%
94 钚/Pu
38%
43 锝/Tc
38%
117 鿬/Ts
38%
112 鿔/Cn
34%
100 镄/Fm
34%
64 钆/Gd
34%
77 铱/Ir
34%
116 𫟷/Lv
34%
60 钕/Nd
34%
76 锇/Os
34%
75 铼/Re
34%
90 钍/Th
34%
40 锆/Zr
34%
95 镅/Am
31%
72 铪/Hf
31%
67 钬/Ho
31%
108 𬭶/Hs
31%
103 铹/Lr
31%
91 镤/Pa
31%
62 钐/Sm
31%
97 锫/Bk
28%
66 镝/Dy
28%
68 铒/Er
28%
63 铕/Eu
28%
114 𫓧/Fl
28%
101 钔/Md
28%
109 鿏/Mt
28%
113 鿭/Nh
28%
93 镎/Np
28%
61 钷/Pm
28%
59 镨/Pr
28%
104 𬬻/Rf
28%
65 铽/Tb
28%
69 铥/Tm
28%
70 镱/Yb
28%
105 𬭊/Db
24%
99 锿/Es
24%
115 镆/Mc
24%
102 锘/No
24%
107 𬭛/Bh
21%
110 𫟼/Ds
21%
111 𬬭/Rg
21%
106 𬭳/Sg
17%
No matching quizzes found
Score Distribution
Percent of People with Each Score
Percentile by Number Answered
Your Score History
You have not taken this quiz since the last reset